000 00526 a2200133 4500
082 _aMIT-1
100 _aAqeel Ahmed Awan
_9105975
245 _aDesign of Layer Architecture for Multi Services Networks and its Utilization in Enum
_cAqeel Ahmed Awan
260 _aIslamabad,
_bNUST School of Electrical Engineering & Computer Science,
_c2004.
300 _a xiv, 71 p. :
_b ill. ;
_c27 cm.
500 _aSupervisor : Mr. Nadeem Ahmad.
856 _uhttp://10.250.8.41:8080/xmlui/handle/123456789/31853
942 _cPR
_kMIT-1 AQE
_2ddc
999 _c9285
_d9285